| 000 | 00830nam a22002297a 4500 | ||
|---|---|---|---|
| 999 |
_c1305 _d1305 |
||
| 003 | AR-CdUCM | ||
| 008 | 190226b ||||| |||| 00| 0 spa d | ||
| 040 |
_aMUNICIPALIDAD PROVINCIAL DEL CUSCO _cBIBLIOTECA MUNICIPAL DEL CUSCO |
||
| 082 |
_a861.08 / _bAL45 |
||
| 100 |
_aAlonso, Damaso [Compilador] _95028 |
||
| 245 | _aCancionero y Romancero Español / | ||
| 260 |
_aEspaña : _bSalvat Editores, _c1970. |
||
| 300 |
_a201 paginas ; _b20cm. |
||
| 500 | _aDonación de la familia Nieto (segundo ejemplar). | ||
| 505 | _aCancionero anonimo -- cancionero de autores conocidos -- Romancero anonimo | ||
| 650 |
_aPoesía española _9158 |
||
| 650 |
_aCancioneros españoles _95029 |
||
| 650 |
_aRomanceros - España _95030 |
||
| 650 |
_aCanciones folklóricas españolas _95031 |
||
| 942 |
_2ddc _cLIBROS |
||
| 945 |
_apjha _d2019-02-26 |
||